000 nam a22 a 4500
999 _c4547
_d4547
005 20170531111952.0
008 170531s2006 be ||||| |||| 00| 0 eng d
040 _aAKMAL
082 _a004.35 WCO
090 _a004.35
_bWCO
245 1 0 _aOutsourcing And Off-Shoring Of It - A Challenge For Customs?
260 _a[Brussels, Belgium] :
_bWorld Customs Organization,
_c2006.
300 _avarious paging (loose-leaf) ;
_c30 cm
500 _aExtracts from 2006 WCO Information Technology Conference & Exhibition Banglore, India 6-8 April 2006.
650 1 0 _aCustoms Administration
_xLaw and legislation
_96000
650 2 0 _aCustoms Administration
_xInformation and communication technology
_98743
710 2 _aWorld Customs Organization
_95917
942 _2ddc
_cBOOK
950 _lAKMAL